| 000 | 00481nam a22001577a 4500 | ||
|---|---|---|---|
| 003 | OSt | ||
| 005 | 20170105102939.0 | ||
| 040 | _a0 | ||
| 082 |
_a954.9040924 _b MAL 2015 |
||
| 100 | _aMalik, Nadeem Shafiq | ||
| 245 |
_aHamary Boht He Payary Quaid-I-Azam _bBachon k Quaid-I-Azam Mouhammad ali jinnah k name Khatoot _cDr. Nadeem Shafiq Malik |
||
| 260 |
_aLahore _bFiction House _c2015 |
||
| 300 |
_a144 p.; _bHB _c24 cm |
||
| 650 | _aQuaid-I-Azam Mouhammad Ali jinnah | ||
| 942 |
_2ddc _cBK |
||
| 999 |
_c16400 _d16400 |
||